000 01047cam a22003257a 4500
003 CHAP
005 20220329142252.0
008 000412d1997 us a r 00010 eng d
010 _a80819
011 _a81791
020 _a0471155829
035 _a92271
040 _cCHAP
082 0 4 _a634.9285
_bR44
100 0 0 _aReed, David D.
_995405
245 1 0 _aResources assessment in forested landscapes
_c/by David D. Reed and Glenn D. Mroz
260 _aNew York :
_bJohn Wiley,
_c1997.
300 _a386 p. :
_bilus. ; gráfs. ; mapas
590 _aBATCH-UPD
_b10
_c20130110
_lUCH01
_h0757
590 _aBATCH-UPD
_b10
_c20130410
_lUCH01
_h0436
590 _aBATCH-UPD
_b10
_c20130914
_lUCH01
_h0721
590 _aCONVERSION
_b10
_c20130109
_lUCH01
_h1345
650 1 4 _aBosques
_xInventarios.
_914240
650 1 4 _aBosques
_xValoración.
_914409
700 0 _aMroz, Glenn D.
_979236
901 _aBK
905 _aLilia Sánchez G.
942 _cLIBRO
949 _a634.9285 R44
_bBC
_cLIBRO
_d33724000775276
_eLIBRO
_gI.203337
_h97742
_i92271
_si
_t$1.320.00
999 _c80819
_d80819